[Event "Helsingor Xtracon op"]
[Site "Helsingor"]
[Date "2018.07.29"]
[Round "10"]
[White "Rolstad, Morten"]
[Black "Justinussen, Sigurd B"]
[Result "1-0"]
[WhiteElo "1805"]
[BlackElo "1921"]
[PlyCount "37"]
[EventDate "2018.07.21"]
[EventType "swiss"]
[EventRounds "10"]
[EventCountry "DEN"]
[SourceTitle "CBM 185 Extra"]
[Source "ChessBase"]
[SourceDate "2018.07.29"]
[SourceVersion "1"]
[SourceVersionDate "2018.07.29"]
[SourceQuality "1"]

1. e4 c5 2. Nf3 d6 3. d4 cxd4 4. Nxd4 Nf6 5. Nc3 a6 6. f3 g6 7. Be3 Bg7 8. Qd2 Nc6 9. 0-0-0 Bd7 10. g4 Qa5 11. Kb1 Nxd4 12. Bxd4 Be6 13. h4 Rg8 14. a3 Nd7 15. Bxg7 Rxg7 16. Qh6 Rg8 17. Qxh7 0-0-0 18. Nd5 Rde8 19. Nxe7+ 1-0

[Event "Helsingor Xtracon op"]
[Site "Helsingor"]
[Date "2018.07.21"]
[Round "1"]
[White "Justinussen, Sigurd B"]
[Black "Hjartarson, Johann"]
[Result "0-1"]
[WhiteElo "1921"]
[BlackElo "2523"]
[PlyCount "42"]
[EventDate "2018.07.21"]
[EventType "swiss"]
[EventRounds "10"]
[EventCountry "DEN"]
[SourceTitle "CBM 185 Extra"]
[Source "ChessBase"]
[SourceDate "2018.07.29"]
[SourceVersion "1"]
[SourceVersionDate "2018.07.29"]
[SourceQuality "1"]

1. e4 g6 2. d4 Bg7 3. c3 d6 4. Bd3 e5 5. Ne2 Nc6 6. d5 Nce7 7. 0-0 Nf6 8. f3 0-0 9. Be3 c6 10. c4 Nh5 11. Nbc3 Nf4 12. Nxf4 exf4 13. Bf2 c5 14. Qd2 g5 15. g3 Ng6 16. Ne2 Bh3 17. gxf4 gxf4 18. Kh1 Qg5 19. Bg3 Bxf1 20. Rxf1 Be5 21. Be1 Kh8 0-1

[Event "Helsingor Xtracon op"]
[Site "Helsingor"]
[Date "2017.07.28"]
[Round "8"]
[White "Shehzad, Shazil Khan"]
[Black "Justinussen, Sigurd B"]
[Result "1/2-1/2"]
[WhiteElo "1678"]
[BlackElo "1963"]
[PlyCount "68"]
[EventDate "2017.07.22"]
[EventType "swiss"]
[EventRounds "10"]
[EventCountry "DEN"]
[SourceTitle "CBM 179 Extra"]
[Source "ChessBase"]
[SourceDate "2017.08.23"]
[SourceVersion "1"]
[SourceVersionDate "2017.08.23"]
[SourceQuality "1"]

1. e4 c5 2. Nf3 d6 3. d4 cxd4 4. Nxd4 Nf6 5. Nc3 g6 6. Be3 Bg7 7. f3 Nc6 8. Bc4 Bd7 9. Qd2 a6 10. Nxc6 Bxc6 11. Bh6 Bxh6 12. Qxh6 Qb6 13. 0-0-0 Qc5 14. Bb3 Qh5 15. Qe3 0-0 16. h4 Qc5 17. Qd2 a5 18. Qd4 Qxd4 19. Rxd4 Rfc8 20. a3 b5 21. Re1 Rc7 22. Bd5 Bxd5 23. Nxd5 Nxd5 24. Rxd5 Rac8 25. Re2 Rc5 26. Red2 b4 27. axb4 axb4 28. Rxc5 Rxc5 29. Rd4 Rb5 30. Kd2 Kg7 31. Kd3 h5 32. Kc4 Re5 33. Kb3 g5 34. hxg5 Rxg5 1/2-1/2

[Event "FAI-chT2 1617"]
[Site "Faroe Islands"]
[Date "2017.03.18"]
[Round "10.1"]
[White "Hojgaard, Samson"]
[Black "Justinussen, Sigurd B"]
[Result "1-0"]
[WhiteElo "1935"]
[BlackElo "1968"]
[PlyCount "73"]
[EventDate "2016.10.23"]
[EventType "team-tourn"]
[EventRounds "10"]
[EventCountry "FAI"]
[SourceTitle "EXT 2020"]
[Source "ChessBase"]
[SourceDate "2019.10.17"]
[SourceVersion "1"]
[SourceVersionDate "2019.10.17"]
[SourceQuality "1"]
[WhiteTeam "Vestmanna"]
[BlackTeam "Gota"]
[WhiteTeamCountry "FAI"]
[BlackTeamCountry "FAI"]

1. d4 d5 2. c4 e6 3. Nc3 Nf6 4. Bg5 Nbd7 5. cxd5 exd5 6. e3 c6 7. Bd3 Be7 8. Nge2 0-0 9. Qc2 h6 10. Bh4 Re8 11. 0-0 Nf8 12. Rad1 Be6 13. Kh1 Rc8 14. f3 Qb6 15. e4 dxe4 16. fxe4 Ng4 17. Na4 Qa5 18. Bf2 Qh5 19. Bg1 Bg5 20. Rf3 Ng6 21. Ng3 Qh4 22. Rdf1 Bd8 23. Nc5 Bc7 24. e5 Nf8 25. Nge4 Bd5 26. Rh3 Qe7 27. Rg3 Qh4 28. Qd1 Nxe5 29. Nf6+ Kh8 30. Nxe8 Rxe8 31. dxe5 Bxe5 32. Rg4 Qh5 33. Rf5 g5 34. Rxe5 Rxe5 35. Bd4 f6 36. Bxe5 fxe5 37. Qe2 1-0

[Event "FAI-chT2 1617"]
[Site "Faroe Islands"]
[Date "2017.03.05"]
[Round "9.1"]
[White "Justinussen, Sigurd B"]
[Black "Dalsgard, Arnbjorn O"]
[Result "1-0"]
[WhiteElo "1968"]
[BlackElo "1870"]
[PlyCount "107"]
[EventDate "2016.10.23"]
[EventType "team-tourn"]
[EventRounds "10"]
[EventCountry "FAI"]
[SourceTitle "EXT 2020"]
[Source "ChessBase"]
[SourceDate "2019.10.17"]
[SourceVersion "1"]
[SourceVersionDate "2019.10.17"]
[SourceQuality "1"]
[WhiteTeam "Gota"]
[BlackTeam "Havnin IV"]
[WhiteTeamCountry "FAI"]
[BlackTeamCountry "FAI"]

1. e4 e6 2. d4 d5 3. Bd3 Bd6 4. Nc3 dxe4 5. Nxe4 Nc6 6. c3 Nf6 7. Bg5 Be7 8. Bf4 Nxe4 9. Bxe4 Bd7 10. Qf3 Bf6 11. Ne2 Qc8 12. Qg3 g6 13. Bxc7 0-0 14. 0-0 Re8 15. Bd6 e5 16. Bxc6 Qxc6 17. dxe5 Bg7 18. Nd4 Qd5 19. Qf3 Qxf3 20. Nxf3 Bg4 21. Rfe1 Bxf3 22. gxf3 Re6 23. Re4 Rd8 24. Rae1 Bh6 25. c4 b6 26. b4 Bd2 27. Rb1 Bc3 28. c5 Rc8 29. Rb3 Ba1 30. Ra3 f6 31. exf6 Rxe4 32. fxe4 bxc5 33. bxc5 Bxf6 34. Rxa7 Bd4 35. Ra5 h6 36. Kg2 Kf7 37. a4 Ke6 38. Ra6 Kd7 39. e5 Bxc5 40. Bxc5 Rxc5 41. Rxg6 Ra5 42. Rxh6 Rxa4 43. Kg3 Re4 44. f4 Ke7 45. Kg4 Re1 46. Kf5 Rf1 47. Rh7+ Ke8 48. Ke6 Kf8 49. f5 Kg8 50. Rh5 Rf2 51. f6 Rf1 52. f7+ Rxf7 53. Rh8+ Kg7 54. Rh7+ 1-0

[Event "Helsingor Xtracon op"]
[Site "Helsingor"]
[Date "2016.07.28"]
[Round "7"]
[White "Justinussen, Sigurd B"]
[Black "Skaale, Janus"]
[Result "1-0"]
[WhiteElo "1959"]
[BlackElo "1628"]
[PlyCount "59"]
[EventDate "2016.07.23"]
[EventType "swiss"]
[EventRounds "10"]
[EventCountry "DEN"]
[SourceTitle "CBM 173 Extra"]
[Source "ChessBase"]
[SourceDate "2016.08.29"]
[SourceVersion "1"]
[SourceVersionDate "2016.08.29"]
[SourceQuality "1"]

1. e4 c5 2. Nf3 d6 3. c3 Nf6 4. Be2 g6 5. 0-0 Bg7 6. d3 0-0 7. Bg5 Nc6 8. Nbd2 Bg4 9. Re1 d5 10. Qc2 dxe4 11. dxe4 Qc7 12. h3 Bxf3 13. Bxf3 Ne5 14. Be2 Rfd8 15. Nc4 Nxc4 16. Bxc4 Rd7 17. e5 Nd5 18. e6 fxe6 19. Rxe6 Re8 20. Qe4 Qd8 21. Rd1 Nf6 22. Rxe7+ Kf8 23. Rdxd7 Qxd7 24. Rxe8+ Nxe8 25. Qf3+ Qf5 26. Qxb7 Qb1+ 27. Kh2 Be5+ 28. f4 Bc7 29. Qd5 Qf5 30. Qg8# 1-0

[Event "Helsingor Xtracon op"]
[Site "Helsingor"]
[Date "2016.07.24"]
[Round "3"]
[White "Justinussen, Sigurd B"]
[Black "Amarapala, Sheroni"]
[Result "1-0"]
[WhiteElo "1959"]
[BlackElo "1330"]
[PlyCount "113"]
[EventDate "2016.07.23"]
[EventType "swiss"]
[EventRounds "10"]
[EventCountry "DEN"]
[SourceTitle "CBM 173 Extra"]
[Source "ChessBase"]
[SourceDate "2016.08.29"]
[SourceVersion "1"]
[SourceVersionDate "2016.08.29"]
[SourceQuality "1"]

1. e4 e5 2. Bc4 Nf6 3. d3 h6 4. Nc3 Bc5 5. Nf3 Nc6 6. 0-0 d6 7. h3 Be6 8. Bb5 0-0 9. Be3 Bb6 10. Qd2 Kh7 11. Rad1 Ne7 12. d4 c6 13. Ba4 Bc7 14. Bb3 exd4 15. Nxd4 Bxb3 16. axb3 d5 17. Qd3 Kh8 18. exd5 Nfxd5 19. Bc1 Qd6 20. Nf3 Rad8 21. Ne4 Qd7 22. c4 Nb6 23. Qxd7 Rxd7 24. Nc5 Rxd1 25. Rxd1 Rb8 26. Bd2 Nbc8 27. Nd7 Ra8 28. Bb4 a5 29. Bc3 Nd6 30. Re1 Ng6 31. h4 Re8 32. Nde5 Nxe5 33. Nxe5 f6 34. Nf7+ Kg8 35. Nxd6 Rxe1+ 36. Bxe1 Bxd6 37. Bxa5 Be5 38. Bc3 Bxc3 39. bxc3 Kf7 40. g4 Ke6 41. Kg2 Kd6 42. Kf3 Kc5 43. Ke4 b5 44. cxb5 cxb5 45. Kf5 Kd5 46. Kg6 Ke4 47. c4 bxc4 48. bxc4 Kd4 49. Kxg7 Kxc4 50. Kxf6 Kd5 51. Kg6 Ke5 52. Kxh6 Kf4 53. g5 Kg4 54. h5 Kf3 55. g6 Kxf2 56. g7 Kg3 57. g8Q+ 1-0

[Event "FAI-chT2 1516"]
[Site "Faroe Islands"]
[Date "2016.03.12"]
[Round "7.1"]
[White "Eskildsen, Henrik"]
[Black "Justinussen, Sigurd B"]
[Result "0-1"]
[WhiteElo "1706"]
[BlackElo "1959"]
[PlyCount "56"]
[EventDate "2015.10.25"]
[EventType "team-tourn"]
[EventRounds "10"]
[EventCountry "FAI"]
[SourceTitle "EXT 2017"]
[Source "ChessBase"]
[SourceDate "2016.10.25"]
[SourceVersion "1"]
[SourceVersionDate "2016.10.25"]
[SourceQuality "1"]
[WhiteTeam "Gota"]
[BlackTeam "Havnin II"]
[WhiteTeamCountry "FAI"]
[BlackTeamCountry "FAI"]

1. e4 e5 2. Nf3 Nc6 3. Bc4 Be7 4. d4 exd4 5. Nxd4 d6 6. Nxc6 bxc6 7. Qh5 g6 8. Qf3 Be6 9. Bxe6 fxe6 10. Qc3 Bf6 11. Qxc6+ Kf7 12. 0-0 Ne7 13. Qa4 c6 14. Nd2 Qc7 15. c3 Rab8 16. Qc2 Rb5 17. b3 Rh5 18. g3 Qa5 19. Bb2 Qg5 20. f4 Qc5+ 21. Kg2 g5 22. b4 Qb5 23. a4 Qe2+ 24. Rf2 Rxh2+ 25. Kxh2 Qxf2+ 26. Kh1 gxf4 27. Rf1 Qxg3 28. Nc4 Qh3+ 0-1

[Event "FAI-chT2 1516"]
[Site "Faroe Islands"]
[Date "2016.01.10"]
[Round "5.1"]
[White "Justinussen, Sigurd B"]
[Black "Joensen, Hans Petur"]
[Result "1-0"]
[WhiteElo "1959"]
[BlackElo "1621"]
[PlyCount "83"]
[EventDate "2015.10.25"]
[EventType "team-tourn"]
[EventRounds "10"]
[EventCountry "FAI"]
[SourceTitle "EXT 2017"]
[Source "ChessBase"]
[SourceDate "2016.10.25"]
[SourceVersion "1"]
[SourceVersionDate "2016.10.25"]
[SourceQuality "1"]
[WhiteTeam "Havnin II"]
[BlackTeam "Sandavagur III"]
[WhiteTeamCountry "FAI"]
[BlackTeamCountry "FAI"]

1. e4 d5 2. exd5 Qxd5 3. Nc3 Qd6 4. Nf3 c6 5. d4 Bg4 6. Be2 e6 7. 0-0 Nf6 8. Bg5 Nbd7 9. Qd2 Qc7 10. a3 Bd6 11. h3 Bh5 12. Rfe1 0-0 13. Ne5 Bxe2 14. Qxe2 Qb6 15. Nc4 Qc7 16. Qf3 b5 17. Nxd6 Qxd6 18. Rad1 Qc7 19. Bf4 Qb6 20. Bd6 Rfe8 21. Ne4 Rad8 22. Bc5 Qc7 23. Nd6 Rf8 24. Ne4 Rfe8 25. Bd6 Qb6 26. Bf4 Nxe4 27. Qxe4 Nf8 28. Rd3 Rd5 29. Be3 Ng6 30. b3 h6 31. c4 bxc4 32. bxc4 Ra5 33. d5 cxd5 34. cxd5 Qb7 35. Bd2 Rb5 36. d6 Qd7 37. Qa4 Reb8 38. Rc1 R8b6 39. Bb4 a6 40. Rc7 Qd8 41. Qc2 Rb8 42. d7 1-0

[Event "Politiken Cup 37th"]
[Site "Helsingor"]
[Date "2015.08.01"]
[Round "9"]
[White "Justinussen, Sigurd B"]
[Black "Vatnestrom, Leo Andreas Giske"]
[Result "1-0"]
[WhiteElo "1959"]
[BlackElo "1628"]
[PlyCount "97"]
[EventDate "2015.07.25"]
[EventType "swiss"]
[EventRounds "10"]
[EventCountry "DEN"]
[SourceTitle "CBM 167 Extra"]
[Source "ChessBase"]
[SourceDate "2015.09.14"]
[SourceVersion "1"]
[SourceVersionDate "2015.09.14"]
[SourceQuality "1"]

1. e4 e6 2. d4 d5 3. Bd3 Nf6 4. exd5 exd5 5. Nf3 Bd6 6. 0-0 0-0 7. Bg5 Bg4 8. Nbd2 Nbd7 9. c3 c6 10. Qc2 Qc7 11. Bf5 Bxf3 12. Nxf3 g6 13. Bd3 Rfe8 14. Rfe1 Bf4 15. Bh4 a5 16. b3 Rac8 17. c4 Qd6 18. c5 Qc7 19. a3 b6 20. b4 bxc5 21. bxc5 Rxe1+ 22. Rxe1 Re8 23. Rxe8+ Nxe8 24. Qe2 Ng7 25. g3 Bh6 26. Qe7 Ne6 27. Qe8+ Ndf8 28. Be7 Qd7 29. Qxd7 Nxd7 30. Ba6 Bg7 31. Bc8 Ndf8 32. Bb7 Bxd4 33. Bxc6 Bxc5 34. Bxc5 Nxc5 35. Bxd5 Nfd7 36. Ng5 h6 37. Nxf7 Nb6 38. Ba2 Kg7 39. Ne5 Kf6 40. f4 Nbd7 41. Ng4+ Kg7 42. Kf2 g5 43. fxg5 hxg5 44. Ke3 Kg6 45. Kd4 Kf5 46. Ne3+ Kf6 47. Nd5+ Kf5 48. Ne3+ Kf6 49. Bd5 1-0

[Event "Politiken Cup 37th"]
[Site "Helsingor"]
[Date "2015.07.29"]
[Round "6"]
[White "Hansen, Anders1111"]
[Black "Justinussen, Sigurd B"]
[Result "0-1"]
[WhiteElo "1704"]
[BlackElo "1959"]
[PlyCount "64"]
[EventDate "2015.07.25"]
[EventType "swiss"]
[EventRounds "10"]
[EventCountry "DEN"]
[SourceTitle "CBM 167 Extra"]
[Source "ChessBase"]
[SourceDate "2015.09.14"]
[SourceVersion "1"]
[SourceVersionDate "2015.09.14"]
[SourceQuality "1"]

1. b3 d6 2. Bb2 e5 3. c4 Nf6 4. g3 Be7 5. Bg2 c6 6. Nc3 0-0 7. e3 Bg4 8. Nge2 Nbd7 9. 0-0 Nb6 10. d4 Qc7 11. Qc2 Rac8 12. Rac1 exd4 13. Nxd4 Qd7 14. Rfe1 Bh3 15. Bh1 d5 16. Nf3 dxc4 17. Ne4 Nxe4 18. Qxe4 Bf5 19. Ne5 Qe6 20. Qf3 cxb3 21. e4 Bg6 22. Nxg6 hxg6 23. axb3 Rfd8 24. Ra1 a6 25. Qe3 Nd7 26. Ra5 Nf6 27. Re5 Qd7 28. Qc3 Bf8 29. Bf3 Qd2 30. Re3 Bb4 31. Qxd2 Rxd2 32. Bc1 Rc2 0-1

[Event "Politiken Cup 37th"]
[Site "Helsingor"]
[Date "2015.07.28"]
[Round "5"]
[White "Justinussen, Sigurd B"]
[Black "Haug, Johannes"]
[Result "0-1"]
[WhiteElo "1959"]
[BlackElo "2236"]
[PlyCount "82"]
[EventDate "2015.07.25"]
[EventType "swiss"]
[EventRounds "10"]
[EventCountry "DEN"]
[SourceTitle "CBM 167 Extra"]
[Source "ChessBase"]
[SourceDate "2015.09.14"]
[SourceVersion "1"]
[SourceVersionDate "2015.09.14"]
[SourceQuality "1"]

1. e4 c6 2. d4 d5 3. Bd3 dxe4 4. Bxe4 Nf6 5. Bf3 Bf5 6. Ne2 h6 7. c4 e6 8. Nbc3 Nbd7 9. 0-0 Qc7 10. Bf4 Bd6 11. Bxd6 Qxd6 12. d5 Ne5 13. Nd4 Bd3 14. Be2 Bxc4 15. dxc6 bxc6 16. Bxc4 Nxc4 17. b3 Nb6 18. Rc1 0-0 19. Nce2 Rac8 20. Nf5 Qa3 21. Nfd4 Rfd8 22. Qc2 c5 23. Nf3 c4 24. bxc4 Rxc4 25. Qb3 Qxb3 26. axb3 Rxc1 27. Rxc1 Rd3 28. Ned4 Nfd5 29. h3 a6 30. Rc6 g6 31. Rd6 Kg7 32. b4 Rd1+ 33. Kh2 Rb1 34. Nc6 Nxb4 35. Nd8 N4d5 36. Ne5 a5 37. Ndxf7 a4 38. Rxe6 a3 39. Rxg6+ Kf8 40. Nxh6 a2 41. Nc6 Ke8 0-1

[Event "FAI-chT2 1415"]
[Site "Faroe Islands"]
[Date "2015.03.01"]
[Round "9.1"]
[White "Augustinussen, Bernhard"]
[Black "Justinussen, Sigurd B"]
[Result "1/2-1/2"]
[WhiteElo "1910"]
[BlackElo "1967"]
[PlyCount "86"]
[EventDate "2014.10.26"]
[EventType "team-tourn"]
[EventRounds "10"]
[EventCountry "FAI"]
[SourceTitle "EXT 2019"]
[Source "ChessBase"]
[SourceDate "2018.10.10"]
[SourceVersion "1"]
[SourceVersionDate "2018.10.10"]
[SourceQuality "1"]
[WhiteTeam "Sandavagur II"]
[BlackTeam "Havnin II"]
[WhiteTeamCountry "FAI"]
[BlackTeamCountry "FAI"]

1. Nc3 e5 2. e4 Nc6 3. Bc4 Nf6 4. Nf3 Be7 5. a3 d6 6. h3 0-0 7. d3 Bd7 8. Be3 a6 9. 0-0 Qc8 10. Kh2 Be6 11. Bg5 Qd7 12. Bxf6 Bxf6 13. Nd5 Bxd5 14. Bxd5 Nd8 15. Re1 c6 16. Ba2 Ne6 17. Bxe6 Qxe6 18. Qe2 Rfe8 19. b3 d5 20. Qe3 Qd6 21. Kg1 Rad8 22. Re2 h6 23. Ree1 Qc7 24. Re2 Qa5 25. Qd2 Qc5 26. Ra2 Qd6 27. Qe3 c5 28. exd5 Qxd5 29. Qe4 Qd7 30. a4 Re6 31. a5 Rde8 32. Ra4 Qb5 33. Qc4 Bd8 34. Nd2 f5 35. Qd5 Kh8 36. Nc4 Bc7 37. Na3 Qc6 38. Qxc6 Rxc6 39. Nc4 Rce6 40. Ra1 Kg8 41. Rae1 Kf7 42. f3 g6 43. Kf2 Kf6 1/2-1/2

[Event "FAI-chT2 1415"]
[Site "Faroe Islands"]
[Date "2015.01.11"]
[Round "6.1"]
[White "Justinussen, Sigurd B"]
[Black "Berg, Margar"]
[Result "1-0"]
[WhiteElo "1967"]
[BlackElo "1849"]
[PlyCount "77"]
[EventDate "2014.10.26"]
[EventType "team-tourn"]
[EventRounds "10"]
[EventCountry "FAI"]
[SourceTitle "EXT 2019"]
[Source "ChessBase"]
[SourceDate "2018.10.10"]
[SourceVersion "1"]
[SourceVersionDate "2018.10.10"]
[SourceQuality "1"]
[WhiteTeam "Havnin II"]
[BlackTeam "Havnin III"]
[WhiteTeamCountry "FAI"]
[BlackTeamCountry "FAI"]

1. e4 c5 2. Nf3 d6 3. c3 Nf6 4. Be2 g6 5. 0-0 Bg7 6. Qc2 0-0 7. d4 cxd4 8. cxd4 b6 9. Nc3 Bb7 10. Bf4 Nbd7 11. d5 Rc8 12. Rac1 Nc5 13. Qb1 a6 14. Rfd1 Nh5 15. Be3 b5 16. b4 Nd7 17. Qb3 Nb6 18. Bd4 Nf6 19. Nd2 Qc7 20. Qb2 Bh6 21. Nxb5 Qd7 22. Nc3 Na4 23. Nxa4 Qxa4 24. f3 Nh5 25. g3 f5 26. exf5 Rxf5 27. Rxc8+ Bxc8 28. Qb3 Bd7 29. f4 Nf6 30. Bd3 Rxd5 31. Bc4 Qxb3 32. Nxb3 Kf8 33. Bxd5 Nxd5 34. a3 Nc7 35. Bf2 g5 36. fxg5 Bxg5 37. h4 Bf6 38. Bd4 e5 39. Bc5 1-0

[Event "Politiken Cup 36th"]
[Site "Helsingor"]
[Date "2014.07.23"]
[Round "4"]
[White "Tallaksen, Henrik G"]
[Black "Justinussen, Sigurd B"]
[Result "0-1"]
[WhiteElo "1771"]
[BlackElo "1978"]
[PlyCount "106"]
[EventDate "2014.07.21"]
[EventType "swiss"]
[EventRounds "10"]
[EventCountry "DEN"]
[SourceTitle "CBM 161 Extra"]
[Source "ChessBase"]
[SourceDate "2014.08.29"]
[SourceVersion "1"]
[SourceVersionDate "2014.08.29"]
[SourceQuality "1"]

1. e4 e5 2. Nf3 Nc6 3. d4 exd4 4. Bc4 d6 5. Nxd4 Nf6 6. Nc3 Be7 7. 0-0 0-0 8. f3 Bd7 9. Be3 a6 10. Nd5 Nxd5 11. Bxd5 Nxd4 12. Bxd4 Qc8 13. Qd2 Bb5 14. Rfd1 c6 15. Bb3 c5 16. Bf2 c4 17. a4 Bd7 18. Ba2 Bxa4 19. Bxc4 Qxc4 20. b3 Bxb3 21. cxb3 Qe6 22. Qd5 Qxd5 23. Rxd5 Rfc8 24. Rad1 Rc3 25. e5 dxe5 26. Rd7 Bf6 27. Rxb7 Rac8 28. Kf1 h6 29. b4 Rc1 30. Rbd7 Rxd1+ 31. Rxd1 Be7 32. Be1 Rb8 33. Ra1 Rb6 34. Ra5 f6 35. Ke2 Kf7 36. g4 Bxb4 37. Bxb4 Rxb4 38. Rxa6 Rb2+ 39. Ke3 Rxh2 40. Ra7+ Kg6 41. Ra5 Rb2 42. Ke4 Rb4+ 43. Ke3 h5 44. gxh5+ Kxh5 45. Ra7 Kh6 46. Re7 g6 47. Rf7 Kg5 48. Rh7 f5 49. Re7 Rb3+ 50. Kf2 Kf4 51. Re6 g5 52. Rf6 Rxf3+ 53. Ke2 g4 0-1

[Event "Politiken Cup 35th"]
[Site "Helsingor"]
[Date "2013.08.03"]
[Round "9"]
[White "Andersen, Morten"]
[Black "Justinussen, Sigurd B"]
[Result "1-0"]
[WhiteElo "2166"]
[BlackElo "1970"]
[PlyCount "53"]
[EventDate "2013.07.27"]
[EventType "swiss"]
[EventRounds "10"]
[EventCountry "DEN"]
[SourceTitle "CBM 155 Extra"]
[Source "ChessBase"]
[SourceDate "2013.08.26"]
[SourceVersion "1"]
[SourceVersionDate "2013.08.26"]
[SourceQuality "1"]

1. d4 d5 2. c4 e6 3. Nf3 Nf6 4. g3 g6 5. Bg2 Bg7 6. 0-0 0-0 7. Qc2 c6 8. Nbd2 Nbd7 9. b4 b6 10. e4 Bb7 11. e5 Ne8 12. a4 c5 13. bxc5 bxc5 14. Ba3 dxc4 15. Rab1 Bd5 16. Nxc4 Rc8 17. dxc5 Bxc4 18. Qxc4 Nxe5 19. Nxe5 Bxe5 20. Rfd1 Qe7 21. Qe2 f6 22. f4 Bc3 23. Qd3 Ba5 24. Qa6 Rxc5 25. Qxa5 Rxa5 26. Bxe7 Rf7 27. Bb4 1-0

[Event "Politiken Cup 35th"]
[Site "Helsingor"]
[Date "2013.07.31"]
[Round "6"]
[White "Olofsson Dolk, Mattis"]
[Black "Justinussen, Sigurd B"]
[Result "0-1"]
[WhiteElo "2113"]
[BlackElo "1970"]
[PlyCount "92"]
[EventDate "2013.07.27"]
[EventType "swiss"]
[EventRounds "10"]
[EventCountry "DEN"]
[SourceTitle "CBM 155 Extra"]
[Source "ChessBase"]
[SourceDate "2013.08.26"]
[SourceVersion "1"]
[SourceVersionDate "2013.08.26"]
[SourceQuality "1"]

1. e4 e5 2. Nf3 Nc6 3. Bb5 Nf6 4. 0-0 d6 5. d4 Bd7 6. Nc3 exd4 7. Nxd4 Be7 8. Bxc6 bxc6 9. Bf4 0-0 10. e5 dxe5 11. Bxe5 c5 12. Nb3 Bf5 13. Rc1 Bd6 14. Bg3 Qd7 15. Qd2 Rad8 16. Bxd6 cxd6 17. Rfd1 Be6 18. Qe2 Qc7 19. Qa6 Bc8 20. Qa5 Qc6 21. Qb5 Qc7 22. Rd2 a6 23. Qc4 Qb6 24. Rcd1 Be6 25. Qf4 c4 26. Rxd6 Rxd6 27. Rxd6 Qb8 28. Nc5 Qxb2 29. Qd2 Nd5 30. Ne2 c3 31. Qd1 Qb4 32. Nxe6 fxe6 33. Rxe6 Qc5 34. Qd4 Qxd4 35. Nxd4 Nb4 36. Rb6 a5 37. Nc6 Nxc2 38. Nxa5 Rc8 39. Rc6 Rd8 40. g3 Rd1+ 41. Kg2 Ne1+ 42. Kh3 c2 43. Nb3 Kf7 44. a4 Rb1 45. Rc7+ Ke8 46. Rc4 Rxb3 0-1

[Event "FAI-ch B"]
[Site "Torshavn"]
[Date "2013.03.26"]
[Round "4"]
[White "Justinussen, Sigurd B"]
[Black "Olsen, Rogvi M"]
[Result "1-0"]
[WhiteElo "1925"]
[BlackElo "2046"]
[PlyCount "99"]
[EventDate "2013.03.23"]
[EventType "tourn"]
[EventRounds "9"]
[EventCountry "FAI"]
[SourceTitle "EXT 2015"]
[Source "ChessBase"]
[SourceDate "2014.11.20"]
[SourceVersion "1"]
[SourceVersionDate "2014.11.20"]
[SourceQuality "1"]

1. e4 c5 2. Nf3 d6 3. c3 Nf6 4. Be2 Nc6 5. d3 e5 6. Bg5 Be7 7. Nbd2 h6 8. Bh4 Be6 9. 0-0 0-0 10. Re1 Re8 11. Qc2 Rc8 12. Rad1 Qc7 13. b3 a6 14. Nf1 Nh7 15. Bg3 f5 16. exf5 Bxf5 17. Ne3 Be6 18. Qd2 Bf6 19. Nh4 Bxh4 20. Bxh4 Rf8 21. Bf3 Qf7 22. Qe2 Nf6 23. Bxf6 Qxf6 24. Nf1 d5 25. Ng3 Rcd8 26. Qe3 b6 27. Qd2 Bf7 28. a3 Rfe8 29. b4 cxb4 30. axb4 a5 31. bxa5 bxa5 32. Rb1 Rb8 33. Qe3 Qd6 34. c4 Nd4 35. Rbc1 Rbd8 36. Bh5 Bxh5 37. Nxh5 Qg6 38. Ng3 dxc4 39. Rxc4 Qb6 40. Qe4 Qd6 41. Rec1 Rb8 42. Qg4 Qe6 43. Qh5 Re7 44. Ne4 Qf5 45. Qd1 Kh7 46. h3 Rf8 47. Rc5 a4 48. R5c4 Ra8 49. Ra1 a3 50. Ra2 1-0

[Event "FAI-chT2 1213"]
[Site "Faroe Islands"]
[Date "2013.01.19"]
[Round "7.1"]
[White "Justinussen, Sigurd B"]
[Black "Andreasen, Jon S"]
[Result "1-0"]
[WhiteElo "1925"]
[BlackElo "1830"]
[PlyCount "95"]
[EventDate "2012.10.28"]
[EventType "team-tourn"]
[EventRounds "10"]
[EventCountry "FAI"]
[SourceTitle "EXT 2014"]
[Source "ChessBase"]
[SourceDate "2013.11.20"]
[SourceVersion "1"]
[SourceVersionDate "2013.11.20"]
[SourceQuality "1"]
[WhiteTeam "Havnin III"]
[BlackTeam "Skopun"]
[WhiteTeamCountry "FAI"]
[BlackTeamCountry "FAI"]

1. e4 c6 2. d4 d5 3. exd5 cxd5 4. Nf3 Nf6 5. Be2 Bf5 6. 0-0 e6 7. Bg5 Bd6 8. Nbd2 Qc7 9. c4 dxc4 10. Nxc4 Nd5 11. Rc1 Nc6 12. Nce5 a6 13. Qa4 Nb6 14. Qb3 Be4 15. h3 Bd5 16. Nc4 Bxc4 17. Bxc4 Na5 18. Bb5+ Nc6 19. Bxc6+ bxc6 20. Rc2 Qb7 21. Be3 Rb8 22. Rfc1 Nd5 23. Qxb7 Rxb7 24. Rxc6 Kd7 25. Rxa6 Rhb8 26. b3 f6 27. Nd2 Bf4 28. Bxf4 Nxf4 29. Kf1 Ke7 30. Rc4 Rd8 31. Nf3 e5 32. g3 Ng6 33. dxe5 fxe5 34. Ra5 Kf6 35. Ra6+ Ke7 36. Ng5 Nf8 37. Re4 Rd5 38. Rea4 h6 39. Ra7 Rbd7 40. Rxd7+ Nxd7 41. Ne4 Rd4 42. Rxd4 exd4 43. Ke2 Ke6 44. f4 Kd5 45. Kd3 g5 46. a4 gxf4 47. gxf4 Nb8 48. Nf6+ 1-0